000 00473nam a2200145 a 4500
001 000046475
005 20201002052910.0
008 150819s2015 000 spa d
020 _a9993477273
040 _aDO-SdBNP
_bspa
_cBNPHU
100 1 _aMoquete de la Rosa, Jacobo
_91678
245 3 _aEl movimiento renovador universitario.
260 _aSanto Domingo, República Dominicana, :
_bUniversidad Autónoma de Santo Domingo,
_c2015.
300 _a266 p. :
_bil. : ;
_c28 cm.
999 _c45964
_d45964